000 00313nam a22001457a 4500
020 _a81-713-0328-5
082 _a894.812
_bFRA/A
100 _aFRANK, ANNE
245 _aANN FRANKINTE DIARY KURIPPUKAL
260 _aKOTTAYAM
_bDC BOOKS
_c2008
300 _a208
520 _aNOVEL
650 _aNOVEL
942 _cBK
999 _c5383
_d5383